JHCSC Library Logo Welcome to JHCSC LibraryWhere Every Page Begins a New Adventure.    Vision: A leading public higher education institution serving the ASEAN community through quality, innovative, and culture-sensitive programs.    Mission: To provide relevant and responsive programs in Agriculture, Education, and other fields aligned with its vision. It undertakes applied research, extension, and production services that yield practical and lasting solutions to sector-specific challenges, improving the socio-economic well-being of identified communities.
Normal view MARC view

Entry Topical Term

Number of records used in: 0

001 - CONTROL NUMBER

  • control field: 9757

003 - CONTROL NUMBER IDENTIFIER

  • control field: OSt

005 - DATE AND TIME OF LATEST TRANSACTION

  • control field: 20250813010010.0

008 - FIXED-LENGTH DATA ELEMENTS

  • fixed length control field: 250813|| aca||babn | a|a d

040 ## - CATALOGING SOURCE

  • Original cataloging agency: JHCSC

150 ## - HEADING--TOPICAL TERM

  • Topical term or geographic name entry element: XML (document markup language)
© J.H. Cerilles State College | All Rights Reserved
Designed by Terhevic L. Bation & Gerald Biad, Library IT Staff